Statistics for 2016-17 NFL Playoffs

Click here to take the quiz!

General Stats

  • This quiz has been taken 1,348 times
  • The average score is 10 of 12

Answers on the Map

Answers color-coded by a green-red scale on the quiz's map according to % correct below.
 

Answer Stats

Team% Correct
New England Patriots
99%
Atlanta Falcons
96%
Green Bay Packers
94%
Kansas City Chiefs
89%
Pittsburgh Steelers
89%
Dallas Cowboys
85%
Seattle Seahawks
83%
Houston Texans
78%
New York Giants
72%
Oakland Raiders
66%
Miami Dolphins
64%
Detroit Lions
62%

Score Distribution

Percentile by Number Answered

Percent of People with Each Score

Your Score History

You have not taken this quiz